Flash 5 Fast and Easy Web Development / (Record no. 133047)

MARC details
000 -LEADER
fixed length control field 00703nam a22002297a 4500
005 - DATE AND TIME OF LATEST TRANSACTION
control field 20170124110203.0
010 ## - LIBRARY OF CONGRESS CONTROL NUMBER
LC control number B-063234
020 ## - INTERNATIONAL STANDARD BOOK NUMBER
International Standard Book Number 8120318161
Terms of availability 325.00
035 ## - SYSTEM CONTROL NUMBER
System control number B-063234
037 ## - SOURCE OF ACQUISITION
Source of stock number/acquisition Cen Lib/Ret
040 ## - CATALOGING SOURCE
Original cataloging agency DPL
Language of cataloging EN
082 ## - DEWEY DECIMAL CLASSIFICATION NUMBER
Classification number 005.754
Item number DES
100 ## - MAIN ENTRY--PERSONAL NAME
Personal name Design, Howie Green
9 (RLIN) 36642
245 ## - TITLE STATEMENT
Title Flash 5 Fast and Easy Web Development /
Statement of responsibility, etc by Howie Green Design
260 ## - PUBLICATION, DISTRIBUTION, ETC. (IMPRINT)
Place of publication, distribution, etc New Delhi
Name of publisher, distributor, etc Prentice Hall of India
Date of publication, distribution, etc 2001
270 ## - ADDRESS
Address M-97, Connaught circus
City New Delhi
Postal code 110007
300 ## - PHYSICAL DESCRIPTION
Extent xx,330p.
Dimensions 22cm(Hb)
500 ## - GENERAL NOTE
General note Includes index
650 ## - SUBJECT ADDED ENTRY--TOPICAL TERM
Topical term or geographic name as entry element Computer Graphics
9 (RLIN) 101660
650 ## - SUBJECT ADDED ENTRY--TOPICAL TERM
Topical term or geographic name as entry element Web Sites -- Design
9 (RLIN) 36894
942 ## - ADDED ENTRY ELEMENTS (KOHA)
Source of classification or shelving scheme Dewey Decimal Classification
Koha item type English Books
Classification part 005.754
Call number suffix DES
Holdings
Withdrawn status Lost status Damaged status Not for loan Home library Current library Date acquired Source of acquisition Cost, normal purchase price Total Checkouts Full call number Barcode Date last seen Copy number Cost, replacement price Price effective from Koha item type
        Central Library Central Library 24/07/2015 Cen Lib/Ret 325.00   005.754 DES B-063234 24/07/2015 1 325.00 24/07/2015 English Books

© Delhi Public Library
Hit Counter
free hit counter